[Event "TUR-chT 2nd League"]
[Site "Konya"]
[Date "2022.08.23"]
[Round "2.7"]
[White "Hosseinzadeh, Nima"]
[Black "Arman, Deniz"]
[Result "0-1"]
[WhiteElo "2215"]
[BlackElo "2298"]
[PlyCount "94"]
[EventDate "2022.08.22"]
[EventType "team-swiss"]
[EventRounds "9"]
[EventCountry "TUR"]
[SourceTitle "CBM 210 Extra"]
[Source "ChessBase"]
[SourceDate "2022.11.30"]
[SourceVersion "1"]
[SourceVersionDate "2022.11.30"]
[SourceQuality "1"]
[WhiteTeam "Corum Belediye"]
[BlackTeam "Istanbul Sisli"]
[WhiteTeamCountry "TUR"]
[BlackTeamCountry "TUR"]

1. e4 d6 2. d4 Nf6 3. Nc3 e5 4. Nf3 exd4 5. Nxd4 Be7 6. Bf4 0-0 7. Qd2 d5 8. Ndb5 Bb4 9. f3 Ba5 10. 0-0-0 a6 11. Na3 b5 12. exd5 Bb7 13. Qd3 Nbd7 14. Nab1 b4 15. Ne4 Nxd5 16. Bg5 f6 17. Qb3 c6 18. Bh4 Kh8 19. Nbd2 Bc7 20. Nc4 Qb8 21. g4 a5 22. a4 bxa3 23. Qxa3 Ba6 24. Bg3 Qa7 25. Bd3 Rab8 26. Ned6 Nc5 27. Bf5 Rb4 28. Nxa5 Bxa5 29. Qxa5 Ra4 30. Qe1 Ra1+ 31. Kd2 Nb3+ 32. cxb3 Qd4+ 33. Kc2 Rxd1 34. Qxd1 Ne3+ 35. Kc1 Nxd1 36. Rxd1 Qe3+ 37. Kc2 Qxf3 38. Rd2 g6 39. Be6 Qe3 40. Bd7 Kg7 41. Bf2 Qe5 42. Bxc6 Rd8 43. Nf5+ gxf5 44. Rxd8 Qxh2 45. Rd7+ Kh6 46. Rd2 Qc7 47. g5+ Kg6 0-1

[Event "Titled Tuesday intern op 02nd Aug Early"]
[Site "Chess.com INT"]
[Date "2022.08.02"]
[Round "4"]
[White "Hosseinzadeh, Nima"]
[Black "Le, Tuan Minh"]
[Result "0-1"]
[WhiteElo "2215"]
[BlackElo "2542"]
[PlyCount "76"]
[EventDate "2022.08.02"]
[EventType "swiss (blitz)"]
[EventRounds "11"]
[EventCountry "USA"]
[SourceTitle "EXT 2023"]
[Source "ChessBase"]
[SourceDate "2022.10.05"]
[SourceVersion "1"]
[SourceVersionDate "2022.10.05"]
[SourceQuality "1"]

1. e4 c5 2. Nf3 Nf6 3. e5 Nd5 4. Nc3 e6 5. Ne4 f5 6. Nc3 Ne7 7. g3 Nbc6 8. Bg2 a6 9. 0-0 Ng6 10. Re1 Be7 11. h4 Qc7 12. d4 cxd4 13. Nxd4 0-0 14. Nxc6 bxc6 15. Qe2 Nh8 16. Bg5 Bxg5 17. hxg5 f4 18. gxf4 Ng6 19. Qe3 Nxf4 20. Rad1 Rb8 21. Be4 Rxb2 22. Rd4 Qd8 23. Qg3 Qxg5 24. Qxg5 Nh3+ 25. Kg2 Nxg5 26. f4 c5 27. Ra4 Nxe4 28. Nxe4 Rxc2+ 29. Kg3 Bb7 30. Nd6 Bc6 31. Rxa6 Rg2+ 32. Kh3 Rf2 33. Rxc6 dxc6 34. Rc1 R8xf4 35. Rxc5 h5 36. Rxc6 g5 37. Rc8+ Kg7 38. Re8 R4f3# 0-1

[Event "Titled Tuesday intern op 02nd Aug Early"]
[Site "Chess.com INT"]
[Date "2022.08.02"]
[Round "3"]
[White "Molina, Roberto Junio Brito"]
[Black "Hosseinzadeh, Nima"]
[Result "0-1"]
[WhiteElo "2390"]
[BlackElo "2215"]
[PlyCount "68"]
[EventDate "2022.08.02"]
[EventType "swiss (blitz)"]
[EventRounds "11"]
[EventCountry "USA"]
[SourceTitle "EXT 2023"]
[Source "ChessBase"]
[SourceDate "2022.10.05"]
[SourceVersion "1"]
[SourceVersionDate "2022.10.05"]
[SourceQuality "1"]

1. d4 Nf6 2. e3 g6 3. Nf3 Bg7 4. Be2 0-0 5. 0-0 d5 6. b4 a5 7. b5 c5 8. bxc6 Nxc6 9. a4 Bf5 10. Nc3 Nb4 11. Bd3 Nxd3 12. cxd3 Rc8 13. Nb5 Nd7 14. Bb2 Re8 15. Qb3 e5 16. dxe5 Nxe5 17. Nxe5 Bxe5 18. Bxe5 Rxe5 19. Nd4 Qe7 20. Rab1 Rc7 21. Rfd1 h5 22. Qb6 Rc3 23. Nxf5 Rxf5 24. Qxa5 d4 25. Qa8+ Kh7 26. e4 Rxf2 27. Qxb7 Qg5 28. e5 Rcc2 29. Kh1 Qxg2+ 30. Qxg2 Rxg2 31. Ra1 Rxh2+ 32. Kg1 h4 33. Rdc1 Rcg2+ 34. Kf1 h3 0-1

[Event "Titled Tuesday intern op 19th Jul Late"]
[Site "Chess.com INT"]
[Date "2022.07.19"]
[Round "6"]
[White "Hosseinzadeh, Nima"]
[Black "Dimakiling, Oliver"]
[Result "1-0"]
[WhiteElo "2215"]
[BlackElo "2442"]
[PlyCount "99"]
[EventDate "2022.07.19"]
[EventType "swiss (blitz)"]
[EventRounds "11"]
[EventCountry "USA"]
[SourceTitle "EXT 2023"]
[Source "ChessBase"]
[SourceDate "2022.10.05"]
[SourceVersion "1"]
[SourceVersionDate "2022.10.05"]
[SourceQuality "1"]

1. e4 g6 2. d4 Bg7 3. Nc3 d6 4. f4 Nc6 5. d5 Nd4 6. Be3 c5 7. Nge2 Qb6 8. Rb1 Bd7 9. Qd2 Nh6 10. h3 f5 11. b4 Nxe2 12. Bxe2 0-0 13. e5 Qc7 14. bxc5 dxe5 15. d6 exd6 16. fxe5 Nf7 17. Nd5 Qd8 18. exd6 Re8 19. 0-0 Bc6 20. Ne7+ Rxe7 21. dxe7 Qxe7 22. Bc4 Rd8 23. Qf2 Qe4 24. Bb5 f4 25. Bxc6 Qxe3 26. Rxb7 Bd4 27. Qxe3 Bxe3+ 28. Kh2 Bxc5 29. c4 Nd6 30. Rd7 Rf8 31. Bd5+ Kh8 32. Rc7 Bb6 33. Rc6 Nf5 34. Rxf4 Re8 35. c5 Ba5 36. g4 Re2+ 37. Kg1 Ne7 38. Rf8+ Kg7 39. Rf7+ Kh6 40. Re6 Rxe6 41. Bxe6 Nc6 42. h4 g5 43. Bf5 gxh4 44. Rf6+ Kg5 45. Rxc6 Bc3 46. Kg2 h5 47. Rg6+ Kf4 48. gxh5 Kxf5 49. Rg8 Bd4 50. c6 1-0

[Event "Titled Tuesday intern op 19th Jul Late"]
[Site "Chess.com INT"]
[Date "2022.07.19"]
[Round "8"]
[White "Hosseinzadeh, Nima"]
[Black "Gokerkan, Cem Kaan"]
[Result "0-1"]
[WhiteElo "2215"]
[BlackElo "2465"]
[PlyCount "88"]
[EventDate "2022.07.19"]
[EventType "swiss (blitz)"]
[EventRounds "11"]
[EventCountry "USA"]
[SourceTitle "EXT 2023"]
[Source "ChessBase"]
[SourceDate "2022.10.05"]
[SourceVersion "1"]
[SourceVersionDate "2022.10.05"]
[SourceQuality "1"]

1. e4 c5 2. Nf3 d6 3. d4 cxd4 4. Nxd4 Nf6 5. Nc3 a6 6. h3 e5 7. Nb3 Be7 8. g4 0-0 9. g5 Nfd7 10. h4 b5 11. Be3 Bb7 12. Nd5 Bxd5 13. Qxd5 Nb6 14. Qd2 N8d7 15. h5 Nc4 16. Bxc4 bxc4 17. Na5 c3 18. Qxc3 Bxg5 19. Nc6 Qf6 20. 0-0-0 Rac8 21. Bxg5 Qxg5+ 22. Kb1 Qf6 23. Qh3 Rxc6 24. Qxd7 Rfc8 25. h6 Qxf2 26. Rc1 R6c7 27. Qg4 g6 28. Rhf1 Qd2 29. Qh4 Rxc2 30. Qd8+ Rxd8 31. Rxc2 Qd3 32. Rfc1 Qxe4 33. Ka1 Qf4 34. Rc8 Qg5 35. a3 Kf8 36. R8c7 Qxh6 37. Rf1 Qg7 38. Ra7 e4 39. Rxa6 Rb8 40. Rb1 e3 41. Rxd6 e2 42. Rd2 Re8 43. Re1 Qe5 44. a4 f5 0-1

[Event "Titled Tuesday intern op 19th Jul Early"]
[Site "Chess.com INT"]
[Date "2022.07.19"]
[Round "6"]
[White "Hosseinzadeh, Nima"]
[Black "Rychagov, Andrey"]
[Result "0-1"]
[WhiteElo "2215"]
[BlackElo "2547"]
[PlyCount "102"]
[EventDate "2022.07.19"]
[EventType "swiss (blitz)"]
[EventRounds "11"]
[EventCountry "USA"]
[SourceTitle "EXT 2023"]
[Source "ChessBase"]
[SourceDate "2022.10.05"]
[SourceVersion "1"]
[SourceVersionDate "2022.10.05"]
[SourceQuality "1"]

1. e4 c5 2. Nf3 e6 3. d4 cxd4 4. Nxd4 a6 5. Bd3 Bc5 6. Nb3 Be7 7. 0-0 d6 8. Qg4 Bf6 9. Nc3 Ne7 10. f4 Nbc6 11. a4 Ng6 12. a5 0-0 13. Be3 Qe7 14. Qh5 Bd7 15. Rf3 Bxc3 16. bxc3 Qh4 17. Qxh4 Nxh4 18. Rf2 d5 19. Nc5 Bc8 20. exd5 exd5 21. f5 Ne5 22. Raf1 Re8 23. Bg5 Nxd3 24. cxd3 Nxf5 25. Rxf5 Bxf5 26. Rxf5 f6 27. Bh4 Re5 28. Rxe5 fxe5 29. Bg3 Rc8 30. d4 e4 31. Kf2 Rc6 32. Nxb7 Rxc3 33. Nc5 Ra3 34. Bc7 Ra2+ 35. Ke3 Ra3+ 36. Kf4 g5+ 37. Ke5 e3 38. Kxd5 e2 39. Bg3 Rxg3 40. hxg3 e1Q 41. Nxa6 Qxa5+ 42. Nc5 Qa2+ 43. Kc6 Qxg2+ 44. d5 h5 45. Ne6 h4 46. gxh4 gxh4 47. Kc5 Qe4 48. Nc7 Qc2+ 49. Kb6 Qb3+ 50. Kc6 h3 51. d6 h2 0-1

[Event "Titled Tuesday intern op 19th Jul Early"]
[Site "Chess.com INT"]
[Date "2022.07.19"]
[Round "1"]
[White "Magallanes, Rey Jomar"]
[Black "Hosseinzadeh, Nima"]
[Result "0-1"]
[WhiteElo "2032"]
[BlackElo "2215"]
[PlyCount "72"]
[EventDate "2022.07.19"]
[EventType "swiss (blitz)"]
[EventRounds "11"]
[EventCountry "USA"]
[SourceTitle "EXT 2023"]
[Source "ChessBase"]
[SourceDate "2022.10.05"]
[SourceVersion "1"]
[SourceVersionDate "2022.10.05"]
[SourceQuality "1"]

1. e4 c5 2. Nf3 d6 3. d4 cxd4 4. Nxd4 Nf6 5. Nc3 Nc6 6. Bb5 Bd7 7. Nxc6 bxc6 8. Bd3 g6 9. Be3 Bg7 10. 0-0 0-0 11. Qd2 Ng4 12. h3 Nxe3 13. fxe3 Rb8 14. b3 Qa5 15. e5 Bxe5 16. Ne4 Qxd2 17. Nxd2 Bxa1 18. Rxa1 d5 19. Rf1 f6 20. e4 e5 21. exd5 cxd5 22. c4 Be6 23. cxd5 Bxd5 24. Bc4 Rbd8 25. Bxd5+ Rxd5 26. Nc4 Kg7 27. b4 Rd4 28. Rc1 Rc8 29. Nd6 Rxc1+ 30. Kf2 Rxd6 31. Kg3 Rd3+ 32. Kf2 Rc2+ 33. Kg1 Rdd2 34. Kh2 Rxg2+ 35. Kh1 Rgd2 36. Kg1 Rd1# 0-1

[Event "Titled Tuesday intern op 19th Jul Late"]
[Site "Chess.com INT"]
[Date "2022.07.19"]
[Round "9"]
[White "Weetik, Vjacheslav"]
[Black "Hosseinzadeh, Nima"]
[Result "1-0"]
[WhiteElo "2423"]
[BlackElo "2215"]
[PlyCount "111"]
[EventDate "2022.07.19"]
[EventType "swiss (blitz)"]
[EventRounds "11"]
[EventCountry "USA"]
[SourceTitle "EXT 2023"]
[Source "ChessBase"]
[SourceDate "2022.10.05"]
[SourceVersion "1"]
[SourceVersionDate "2022.10.05"]
[SourceQuality "1"]

1. d4 Nf6 2. c4 e6 3. g3 d5 4. Nf3 Bb4+ 5. Bd2 Be7 6. Bg2 0-0 7. 0-0 Nbd7 8. Qc2 c6 9. Na3 b6 10. Rfc1 Ba6 11. cxd5 cxd5 12. Bf4 Bxa3 13. bxa3 Bc4 14. Ne5 Nxe5 15. dxe5 Nd7 16. e4 Nc5 17. exd5 Bxd5 18. Rd1 Qd7 19. Qe2 Qb7 20. Bxd5 exd5 21. Qg4 Ne6 22. Be3 Rfd8 23. Rd2 Rac8 24. Rad1 g6 25. Bh6 d4 26. Qh4 Qf3 27. Qe7 d3 28. h4 Rc7 29. Qxd8+ Nxd8 30. Rxd3 Qxd1+ 31. Rxd1 Ne6 32. f4 b5 33. g4 f5 34. exf6 Kf7 35. g5 Nxf4 36. Rd6 Ne6 37. Kf2 Nc5 38. Ke3 Ne6 39. Rd5 a6 40. Rd6 Nc5 41. Rd8 Rd7 42. Rf8+ Ke6 43. Ra8 Kf7 44. Bf8 Ne6 45. Bb4 Nd4 46. Ke4 Nf5 47. Rh8 Ke6 48. Re8+ Kf7 49. Ra8 Ke6 50. Rxa6+ Kf7 51. h5 Ng3+ 52. Ke5 gxh5 53. Ra8 h4 54. Rf8+ Kg6 55. Rg8+ Kh5 56. Rg7 1-0

[Event "Titled Tuesday intern op 12th Jul Early"]
[Site "Chess.com INT"]
[Date "2022.07.12"]
[Round "5"]
[White "Crispin Ferreras, Darvi Abraham"]
[Black "Hosseinzadeh, Nima"]
[Result "0-1"]
[WhiteElo "2154"]
[BlackElo "2215"]
[PlyCount "52"]
[EventDate "2022.07.12"]
[EventType "swiss (blitz)"]
[EventRounds "11"]
[EventCountry "USA"]
[SourceTitle "EXT 2023"]
[Source "ChessBase"]
[SourceDate "2022.10.05"]
[SourceVersion "1"]
[SourceVersionDate "2022.10.05"]
[SourceQuality "1"]

1. e4 e5 2. f4 exf4 3. Nf3 g5 4. h4 g4 5. Ne5 Nf6 6. Nxg4 Rg8 7. Nxf6+ Qxf6 8. Nc3 Nc6 9. Nd5 Qe5 10. d3 Bh6 11. c3 d6 12. Nxc7+ Kd8 13. Nxa8 Bg4 14. Qb3 f3 15. Bxh6 Qg3+ 16. Kd2 fxg2 17. Qxf7 Bf3 18. Qc7+ Ke8 19. Qc8+ Kf7 20. Qf5+ Ke8 21. Qe6+ Kd8 22. Qf6+ Kc8 23. Qf5+ Kb8 24. Bf4 Qf2+ 25. Kc1 gxh1Q 26. Bxd6+ Kxa8 0-1

[Event "Titled Tuesday intern op 12th Jul Early"]
[Site "Chess.com INT"]
[Date "2022.07.12"]
[Round "11"]
[White "Hosseinzadeh, Nima"]
[Black "Ivanisevic, Ivan"]
[Result "0-1"]
[WhiteElo "2215"]
[BlackElo "2561"]
[PlyCount "60"]
[EventDate "2022.07.12"]
[EventType "swiss (blitz)"]
[EventRounds "11"]
[EventCountry "USA"]
[SourceTitle "EXT 2023"]
[Source "ChessBase"]
[SourceDate "2022.10.05"]
[SourceVersion "1"]
[SourceVersionDate "2022.10.05"]
[SourceQuality "1"]

1. e4 c5 2. Nf3 Nc6 3. d4 cxd4 4. Nxd4 Nf6 5. Nc3 d6 6. Bg5 e6 7. Qd2 Qb6 8. Nb3 a6 9. 0-0-0 Qc7 10. f4 b5 11. Bxf6 gxf6 12. Kb1 Bb7 13. f5 b4 14. Ne2 e5 15. c3 a5 16. Ng3 h5 17. Bc4 a4 18. Nc1 h4 19. Nf1 bxc3 20. Qxc3 Nd4 21. Rxd4 exd4 22. Bb5+ Kd8 23. Qxd4 Be7 24. Ne3 Qc5 25. Qd3 Qe5 26. Nd5 a3 27. bxa3 Bxd5 28. exd5 Rg8 29. Bc6 Rb8+ 30. Nb3 Rxg2 0-1

[Event "Titled Tuesday intern op 12th Jul Early"]
[Site "Chess.com INT"]
[Date "2022.07.12"]
[Round "4"]
[White "Hosseinzadeh, Nima"]
[Black "Lopez Idarraga, Daniel Eduardo"]
[Result "1-0"]
[WhiteElo "2215"]
[BlackElo "2018"]
[PlyCount "115"]
[EventDate "2022.07.12"]
[EventType "swiss (blitz)"]
[EventRounds "11"]
[EventCountry "USA"]
[SourceTitle "EXT 2023"]
[Source "ChessBase"]
[SourceDate "2022.10.05"]
[SourceVersion "1"]
[SourceVersionDate "2022.10.05"]
[SourceQuality "1"]

1. e4 c5 2. Nf3 e6 3. d4 cxd4 4. Nxd4 Nf6 5. Nc3 Nc6 6. Ndb5 Bb4 7. a3 Bxc3+ 8. Nxc3 d5 9. exd5 exd5 10. Bd3 0-0 11. 0-0 d4 12. Ne2 Bg4 13. Qd2 Qd6 14. Qg5 Bh5 15. Nf4 Bg6 16. Nxg6 hxg6 17. f4 Rac8 18. f5 Ne5 19. Bf4 Nd5 20. fxg6 Nxf4 21. Rxf4 Nxg6 22. Rg4 Rc5 23. Qd2 Re8 24. Bxg6 fxg6 25. Rxd4 Qb6 26. c3 Rd5 27. Rd1 Red8 28. Kh1 Rxd4 29. cxd4 Rd5 30. h3 a5 31. Qc3 Kh7 32. b3 Rb5 33. Rd3 Qe6 34. Re3 Qd6 35. Re5 Rxe5 36. dxe5 Qxa3 37. Kh2 Qe7 38. Qxa5 g5 39. Qd5 Kg6 40. Qd6+ Qxd6 41. exd6 Kf6 42. Kg3 Ke6 43. Kg4 Kxd6 44. Kxg5 Kc5 45. Kg6 Kb4 46. Kxg7 Kxb3 47. h4 b5 48. h5 b4 49. h6 Kc2 50. h7 b3 51. h8Q b2 52. Qb8 b1Q 53. Qxb1+ Kxb1 54. g4 Kc2 55. g5 Kd3 56. g6 Ke4 57. Kf7 Kf5 58. g7 1-0

[Event "Titled Tuesday intern op 12th Jul Early"]
[Site "Chess.com INT"]
[Date "2022.07.12"]
[Round "10"]
[White "Skliarov, Viktor"]
[Black "Hosseinzadeh, Nima"]
[Result "0-1"]
[WhiteElo "2387"]
[BlackElo "2215"]
[PlyCount "130"]
[EventDate "2022.07.12"]
[EventType "swiss (blitz)"]
[EventRounds "11"]
[EventCountry "USA"]
[SourceTitle "EXT 2023"]
[Source "ChessBase"]
[SourceDate "2022.10.05"]
[SourceVersion "1"]
[SourceVersionDate "2022.10.05"]
[SourceQuality "1"]

1. e4 e5 2. Nc3 Nf6 3. Bc4 Nxe4 4. Qh5 Nd6 5. Bb3 Be7 6. Qxe5 0-0 7. Nge2 Nc6 8. Qf4 b5 9. d3 Na5 10. Bd5 c6 11. Bf3 g5 12. Qd2 f5 13. h3 Nf7 14. Nxb5 d5 15. Nbc3 g4 16. hxg4 fxg4 17. Be4 dxe4 18. Nxe4 Bf5 19. N2g3 Bg6 20. Qc3 Nb7 21. Be3 a5 22. a3 Nbd6 23. Nc5 Nb5 24. Qd2 Nd4 25. Nce4 Re8 26. 0-0 h5 27. Qc3 Nb5 28. Qxc6 Nbd6 29. Nc5 Rc8 30. Qa4 Bf6 31. Nce4 Bg7 32. Nxd6 Nxd6 33. Ne4 Nxe4 34. dxe4 Rxe4 35. Qb3+ Bf7 36. Qb5 Bc4 37. Qf5 Qd5 38. Qxd5+ Bxd5 39. Rfd1 Bf7 40. c3 g3 41. Rd7 gxf2+ 42. Kxf2 Rce8 43. Re1 Bf6 44. Kf3 h4 45. Re2 Bh5+ 46. Kf2 Bxe2 47. Bd4 Bxd4+ 48. cxd4 Bg4 49. d5 Bxd7 50. b4 Rd4 51. d6 Rd5 52. b5 Rxd6 53. a4 Rb6 54. Kg1 Bxb5 55. Kh2 Bxa4 56. g3 Bc6 57. Kh3 Re3 58. Kg4 Rxg3+ 59. Kh5 h3 60. Kh4 h2 61. Kxg3 h1Q 62. Kf4 Qf3+ 63. Ke5 Qd5+ 64. Kf6 Ba4+ 65. Ke7 Qd7# 0-1

[Event "Titled Tuesday intern op 14th Jun Early"]
[Site "Chess.com INT"]
[Date "2022.06.14"]
[Round "2"]
[White "Hosseinzadeh, Nima"]
[Black "Ovezdurdiyeva, Jemal"]
[Result "1-0"]
[WhiteElo "2215"]
[BlackElo "2061"]
[PlyCount "79"]
[EventDate "2022.06.14"]
[EventType "swiss (blitz)"]
[EventRounds "11"]
[EventCountry "USA"]
[SourceTitle "EXT 2023"]
[Source "ChessBase"]
[SourceDate "2022.10.05"]
[SourceVersion "1"]
[SourceVersionDate "2022.10.05"]
[SourceQuality "1"]

1. e4 d6 2. d4 Nf6 3. Nc3 g6 4. f4 c6 5. Nf3 b5 6. Bd3 Bg7 7. 0-0 Kf8 8. e5 dxe5 9. fxe5 Nd5 10. Ne4 f6 11. exf6 exf6 12. Nc5 Na6 13. Ne4 Nac7 14. Bd2 Bf5 15. a4 bxa4 16. c4 Nb6 17. Bb4+ Kf7 18. Nd6+ Kg8 19. Nxf5 gxf5 20. Bxf5 Nxc4 21. Qxa4 Qd5 22. Bd3 Nxb2 23. Qc2 Nxd3 24. Qxd3 Ne6 25. Bc3 Kf7 26. Nh4 c5 27. Nf5 Bf8 28. Qe2 h5 29. Ra5 Qb3 30. Ba1 cxd4 31. Nxd4 Qb6 32. Rd5 Bc5 33. Qe4 Rad8 34. Rxc5 Qxc5 35. Qxe6+ Kg7 36. Qxf6+ Kh7 37. Qf7+ Kh6 38. Rf6+ Kg5 39. Rg6+ Kh4 40. Qf2# 1-0

[Event "Titled Tuesday intern op 14th Jun Early"]
[Site "Chess.com INT"]
[Date "2022.06.14"]
[Round "7"]
[White "Hosseinzadeh, Nima"]
[Black "Papp, Levente"]
[Result "1-0"]
[WhiteElo "2215"]
[BlackElo "2398"]
[PlyCount "65"]
[EventDate "2022.06.14"]
[EventType "swiss (blitz)"]
[EventRounds "11"]
[EventCountry "USA"]
[SourceTitle "EXT 2023"]
[Source "ChessBase"]
[SourceDate "2022.10.05"]
[SourceVersion "1"]
[SourceVersionDate "2022.10.05"]
[SourceQuality "1"]

1. e4 e6 2. d4 d5 3. Nc3 Bb4 4. e5 Ne7 5. a3 Bxc3+ 6. bxc3 b6 7. Qg4 Ng6 8. h4 h5 9. Qd1 Qd7 10. Ne2 Ba6 11. Ng3 Bxf1 12. Kxf1 Qa4 13. Nxh5 Qc4+ 14. Kg1 Qxc3 15. Bg5 Rxh5 16. Rh3 Qxh3 17. gxh3 Rh8 18. c4 dxc4 19. Qg4 Nc6 20. Rc1 b5 21. a4 a6 22. Qe4 Kd7 23. d5 Nce7 24. dxe6+ Kxe6 25. h5 Nxe5 26. Bxe7 Rxh5 27. Qxa8 Kxe7 28. Re1 Kf6 29. Qxa6+ c6 30. Rxe5 Rxe5 31. Qxc6+ Kf5 32. axb5 c3 33. Qxc3 1-0

[Event "Titled Tuesday intern op 07th Jun Late"]
[Site "Chess.com INT"]
[Date "2022.06.07"]
[Round "3"]
[White "Hosseinzadeh, Nima"]
[Black "Curtis, John"]
[Result "1-0"]
[WhiteElo "2215"]
[BlackElo "2292"]
[PlyCount "119"]
[EventDate "2022.06.07"]
[EventType "swiss (blitz)"]
[EventRounds "11"]
[EventCountry "USA"]
[SourceTitle "CBM 208 Extra"]
[Source "ChessBase"]
[SourceDate "2022.07.31"]
[SourceVersion "1"]
[SourceVersionDate "2022.07.31"]
[SourceQuality "1"]

1. e4 e5 2. f4 d6 3. Nf3 Nc6 4. Bb5 Bd7 5. 0-0 Nf6 6. Nc3 Nd4 7. Bxd7+ Qxd7 8. fxe5 Nxf3+ 9. Qxf3 dxe5 10. d3 Bc5+ 11. Kh1 0-0 12. Qg3 Qe6 13. Bg5 Be7 14. Rf5 Nd7 15. Bxe7 Qxe7 16. Nd5 Qd8 17. Raf1 c6 18. Ne3 f6 19. Rh5 Rf7 20. Nf5 Kh8 21. Qg6 Qg8 22. Rxh7+ Qxh7 23. Qxf7 g6 24. Qxh7+ Kxh7 25. Ne3 Kg7 26. g3 Nc5 27. Kg2 Na4 28. b3 Nc3 29. a4 a5 30. Ng4 Rf8 31. h4 b5 32. axb5 cxb5 33. Ra1 a4 34. bxa4 bxa4 35. Ra3 Rc8 36. Ne3 Kf7 37. Nc4 Nb5 38. Rxa4 Nd4 39. Ra7+ Kg8 40. Ra2 f5 41. Nxe5 fxe4 42. dxe4 Nxc2 43. Nxg6 Ne3+ 44. Kf3 Nc4 45. Ne7+ Kf7 46. Nxc8 Ke6 47. Rc2 Ne5+ 48. Ke2 Nd7 49. Ke3 Nf6 50. Rc6+ Kf7 51. Rxf6+ Kxf6 52. g4 Kg6 53. h5+ Kg5 54. e5 Kxg4 55. e6 Kxh5 56. e7 Kg5 57. e8Q Kg4 58. Qg6+ Kh3 59. Kf3 Kh2 60. Qg2# 1-0

[Event "Titled Tuesday intern op 07th Jun Early"]
[Site "Chess.com INT"]
[Date "2022.06.07"]
[Round "2"]
[White "Hosseinzadeh, Nima"]
[Black "Samaganova, Alexandra"]
[Result "0-1"]
[WhiteElo "2215"]
[BlackElo "1864"]
[PlyCount "152"]
[EventDate "2022.06.07"]
[EventType "swiss (blitz)"]
[EventRounds "11"]
[EventCountry "USA"]
[SourceTitle "CBM 208 Extra"]
[Source "ChessBase"]
[SourceDate "2022.07.31"]
[SourceVersion "1"]
[SourceVersionDate "2022.07.31"]
[SourceQuality "1"]

1. e4 c5 2. Nf3 e6 3. d4 cxd4 4. Nxd4 a6 5. Bd3 Qc7 6. 0-0 Nf6 7. Qe2 Bc5 8. Nb3 Be7 9. e5 Nd5 10. a3 b5 11. a4 b4 12. N1d2 Nf4 13. Qe4 Nxd3 14. Qxa8 Bb7 15. Qa7 Nf4 16. f3 Nc6 17. Qe3 Bg5 18. Qf2 Nxe5 19. Ne4 Bh6 20. Qc5 Qxc5+ 21. Nbxc5 Bc8 22. g3 Ne2+ 23. Kf2 Nxc1 24. f4 Ng4+ 25. Ke1 d5 26. Nf2 Ne3 27. Rxc1 Nxf1 28. Kxf1 Ke7 29. a5 Rd8 30. Nfd3 f6 31. Nxb4 Kd6 32. Ncxa6 Bxa6+ 33. Nxa6 Ra8 34. Nb4 Rxa5 35. Rd1 e5 36. fxe5+ fxe5 37. c4 d4 38. Ke2 Ra4 39. Nd3 Rxc4 40. Kf3 Kd5 41. Nf2 Rc2 42. b4 Kc4 43. Ne4 Rb2 44. Re1 Rb3+ 45. Kg2 Re3 46. Rxe3 Bxe3 47. Kf3 Kxb4 48. Nd6 Kc3 49. Ke4 Bg1 50. Nb5+ Kd2 51. Nc7 Bxh2 52. Kxe5 d3 53. Ke4 Ke2 54. Nd5 d2 55. Nc3+ Ke1 56. Kf3 d1Q+ 57. Nxd1 Kxd1 58. g4 Be5 59. g5 Bc3 60. Kg4 Ke2 61. Kh5 Kf3 62. Kh4 Kf4 63. Kh5 Kf5 64. Kh4 Kg6 65. Kg4 Bd2 66. Kh3 Bxg5 67. Kg4 Bf6 68. Kh3 Kg5 69. Kg2 Kg4 70. Kh2 Be5+ 71. Kg2 g5 72. Kh1 Kh3 73. Kg1 g4 74. Kh1 g3 75. Kg1 Bd4+ 76. Kf1 g2+ 0-1

[Event "Titled Tuesday intern op 07th Jun Late"]
[Site "Chess.com INT"]
[Date "2022.06.07"]
[Round "4"]
[White "Mikhailov, Viacheslav"]
[Black "Hosseinzadeh, Nima"]
[Result "0-1"]
[WhiteElo "2428"]
[BlackElo "2215"]
[PlyCount "90"]
[EventDate "2022.06.07"]
[EventType "swiss (blitz)"]
[EventRounds "11"]
[EventCountry "USA"]
[SourceTitle "CBM 208 Extra"]
[Source "ChessBase"]
[SourceDate "2022.07.31"]
[SourceVersion "1"]
[SourceVersionDate "2022.07.31"]
[SourceQuality "1"]

1. Nf3 Nf6 2. g3 b5 3. Bg2 Bb7 4. 0-0 e6 5. d3 c5 6. c4 a6 7. Nc3 b4 8. Na4 d6 9. a3 a5 10. axb4 axb4 11. b3 Nbd7 12. Bb2 Be7 13. Qc2 0-0 14. e4 e5 15. Nh4 g6 16. Bc1 Ne8 17. Bh6 Bxh4 18. Bxf8 Nxf8 19. gxh4 Ne6 20. Qd2 Nf4 21. Qe3 Ng7 22. Bf3 Qxh4 23. Nb6 Rxa1 24. Rxa1 Nge6 25. Ra7 Bc6 26. Bd1 Nd4 27. Kh1 Nxd3 28. Kg1 Nf4 29. Nd5 Bxd5 30. cxd5 Qg5+ 31. Kf1 Qg2+ 32. Ke1 Qxh2 33. Kd2 h5 34. Rd7 Nb5 35. Be2 Nc3 36. Bf3 Qg1 37. Qe1 Qg5 38. Qe3 Qf6 39. Bd1 h4 40. Qf3 h3 41. Qg3 Kg7 42. Kc2 Nxe4 43. Qf3 Nc3 44. Qg3 Qf5+ 45. Kd2 Qxd7 0-1

[Event "Titled Tuesday intern op 07th Jun Early"]
[Site "Chess.com INT"]
[Date "2022.06.07"]
[Round "3"]
[White "Novikova, Galina"]
[Black "Hosseinzadeh, Nima"]
[Result "0-1"]
[WhiteElo "2073"]
[BlackElo "2215"]
[PlyCount "52"]
[EventDate "2022.06.07"]
[EventType "swiss (blitz)"]
[EventRounds "11"]
[EventCountry "USA"]
[SourceTitle "CBM 208 Extra"]
[Source "ChessBase"]
[SourceDate "2022.07.31"]
[SourceVersion "1"]
[SourceVersionDate "2022.07.31"]
[SourceQuality "1"]

1. e4 e5 2. Nf3 Nc6 3. d4 exd4 4. Nxd4 Nf6 5. Nxc6 bxc6 6. Qe2 d6 7. Nc3 Be7 8. Bf4 0-0 9. 0-0-0 Be6 10. f3 Qb8 11. Qa6 Qb6 12. Qxb6 axb6 13. b3 Nd7 14. g4 Bf6 15. Kb2 Rxa2+ 16. Kxa2 Bxc3 17. Bc1 Ra8+ 18. Ba3 b5 19. Rd3 Bb4 20. Bg2 Bxa3 21. h3 Nc5 22. Rdd1 Bc1+ 23. Kb1 Bf4 24. Kb2 b4 25. h4 Be5+ 26. Kc1 Bc3 0-1